000 00356nam a2200133Ia 4500
008 211109s9999||||xx |||||||||||||| ||und||
082 _a894.8123
_bDHA-I
100 _aDhamodhran K,
245 0 _aIndira
260 _bSreeramavillasam
_aQuilon
_c1908
630 _xGeneral Stack
650 _aMalaylam Literature
_vMalayalam Fiction
_xGeneralia
942 _cBOOK
999 _c9741
_d9741